Grywalne gildie z serii Gothic - Statystyki

Ogólne statystyki
  • Ten quiz został rozwiązany 357 razy
  • Średni wynik to 19 z 24
Statystyki odpowiedzi
Hint Odpowiedź % Poprawnych
Stary Obóz Strażnik
98%
Stary Obóz Mag Ognia
96%
Klasztor Innosa Mag Ognia
96%
Nowy Obóz Najemnik
96%
Farma Onara Najemnik
96%
Nowy Obóz Mag Wody
95%
Stary Obóz Cień
94%
Miasto Khorinis Paladyn
93%
Obóz Bractwa Nowicjusz
91%
Klasztor Innosa Nowicjusz
91%
Wieża Xardasa Nekromanta
88%
Nowy Obóz Szkodnik
87%
Farma Onara Łowca Smoków
85%
Noc Kruka Bandyci
80%
Miasto Khorinis Strażnik Miejski
80%
Noc Kruka Piraci
78%
Obóz Bractwa Strażnik Świątynny
78%
Myrtana Orkowie
74%
Varant Asasyni
68%
Myrtana Buntownicy
67%
Varant Koczownicy
52%
Noc Kruka Wodny Krąg
51%
Nordmar Nordmarczycy
44%
Myrtana Gońcy Leśni
40%
Nie znaleziono quizów pasujących do podanych kryteriów
Rozkład punktacji
Procent ludzi z każdym wynikiem
Percentyl według liczby udzielonych odpowiedzi
Twoja historia wyników
Nie rozwiązałeś tego quizu